[Event "Oostende op"]
[Site "Oostende"]
[Date "1992.??.??"]
[Round "6"]
[White "Rosen, Willy"]
[Black "Langeweg, Kick"]
[Result "0-1"]
[WhiteElo "2270"]
[BlackElo "2405"]

1.e4 c5 2.Nf3 e6 3.d4 cxd4 4.Nxd4 Nc6 5.Nc3 Qc7 6.Be2 a6 7.Be3 Nf6 8.f4 Bb4
9.Bf3 d5 10.exd5 Nxd5 11.Bxd5 exd5 12.O-O Bxc3 13.bxc3 O-O 14.f5 Qa5 15.Nxc6 bxc6
16.f6 Qxc3 17.Bd4 Qb4 18.fxg7 Rd8 19.c3 Qd6 20.Rf6 Qe7 21.Qh5 c5 22.Be5 Bg4
23.Qg5 d4 24.cxd4 cxd4 25.Re1 Be6 26.Qf4 d3 27.Bc3 Qc5+ 28.Qf2 Qxc3  0-1

[Event "Oostende op"]
[Site "Oostende"]
[Date "1992.??.??"]
[Round "8"]
[White "Bouton, Christophe"]
[Black "Langeweg, Kick"]
[Result "0-1"]
[WhiteElo "2235"]
[BlackElo "2405"]

1.e4 c5 2.Nf3 e6 3.d4 cxd4 4.Nxd4 Nc6 5.Nc3 Qc7 6.Be2 a6 7.O-O Nf6 8.Be3 d6
9.f4 Be7 10.a4 O-O 11.Nb3 b6 12.Bf3 Bb7 13.Qe2 Na5 14.Rad1 Rab8 15.Kh1 Rfe8
16.g4 d5 17.e5 Nxg4 18.Nxa5 Nxe3 19.Nxb7 Nxd1 20.Rxd1 Rxb7 21.f5 Bb4 22.fxe6 fxe6
23.Nxd5 exd5 24.Bxd5+ Kh8 25.Qe4 Rbb8 26.Qxb4 Rxe5 27.Rf1 Qe7 28.Qf4 Rd8
29.c4 Re1 30.Rxe1 Qxe1+ 31.Kg2 Qe2+ 32.Qf2 Re8 33.Bf3 Qxc4 34.Qxb6 Qxa4 35.b3 Qb5
36.Qd6 a5 37.Qd2 Qe5 38.Qd7 Rf8 39.Qd2 Qf6 40.Qd3 g6 41.Qe3 Qxf3+ 42.Qxf3 Rxf3
43.Kxf3 g5 44.Kg4 h6 45.Kh5 Kh7 46.h4 gxh4 47.Kxh4 Kg6 48.Kg4 Kf6  0-1

[Event "RUS-ch"]
[Site "Orel"]
[Date "1992.??.??"]
[Round "?"]
[White "Landa, Konstantin"]
[Black "Tunik, Gennady"]
[Result "1-0"]
[WhiteElo "2440"]
[BlackElo "2450"]

1.e4 c5 2.Nc3 Nc6 3.Nf3 e6 4.d4 cxd4 5.Nxd4 a6 6.Be2 Qc7 7.f4 Nxd4 8.Qxd4 b5
9.Be3 Bb7 10.O-O Rc8 11.Rad1 Nf6 12.e5 Nd5 13.Nxd5 Bxd5 14.Bf3 Bc5 15.Qxc5 Qxc5
16.Bxc5 Bxf3 17.Rxf3 Rxc5 18.c3 Ke7 19.Rfd3 Rd8 20.Kf2 f6 21.exf6+ gxf6 22.Rd6 a5
23.Kf3 b4 24.cxb4 axb4 25.Rb6 Rc4 26.g4 Rdc8 27.h4 h6 28.Rb7 R8c7 29.Rb8 h5
30.gxh5 Rc8 31.Rb7 Rd8 32.h6 Rc5 33.Kg4 Rg8+ 34.Kf3 Rd8 35.Kg4 Rg8+ 36.Kh3 Rd8
37.Rg1 e5 38.h7 Rcc8 39.Rg7+ Ke6 40.fxe5 fxe5 41.Kg4 d6 42.Rxb4 Kd5 43.Re7 Kc5
44.Rbb7 Kd4 45.a3 d5 46.Rb4+ Kc5 47.Rxe5 Rc7 48.Rh5 Rh8 49.Rf4 Rg7+ 50.Rg5 Rgxh7
51.b4+ Kd6 52.h5 Ke6 53.Rff5 Ra8 54.Re5+ Kf7 55.Rxd5 Rh6 56.Rdf5+  1-0

[Event "RUS-ch"]
[Site "Orel"]
[Date "1992.??.??"]
[Round "?"]
[White "Lukin, Andrei M"]
[Black "Barskij, Vladimir"]
[Result "1-0"]
[WhiteElo "2435"]
[BlackElo "2325"]

1.e4 c5 2.Nf3 e6 3.d4 cxd4 4.Nxd4 Nc6 5.Nc3 Qc7 6.f4 d6 7.Be3 Nf6 8.Be2 Be7
9.Qd2 a6 10.O-O-O Na5 11.g4 b5 12.g5 b4 13.Nd5 exd5 14.gxf6 Bxf6 15.exd5 O-O
16.b3 Re8 17.Bf3 Nb7 18.Nc6 Bc3 19.Qf2 Rxe3 20.Qxe3 Bd7 21.a4 Nc5 22.Rhg1 Re8
23.Qf2 Bf5 24.Rge1 Ne4 25.Re3 Nf6 26.Rxe8+ Nxe8 27.Qe2 Qd7 28.Qxa6 h6 29.Qa7 Qxa7
30.Nxa7 g5 31.fxg5 hxg5 32.Nc6 Kg7 33.a5 Nc7 34.Be2 Be4 35.Bc4 f5 36.a6 f4
37.a7 f3 38.Nd4 Kf6 39.Nb5 Na8 40.Nxc3 bxc3 41.Bb5 Kf5 42.Bc6 Nb6 43.a8=Q Nxa8
44.Bxa8 Kg4 45.Rf1 Kf4 46.b4 Ke3 47.b5  1-0

[Event "RUS-ch"]
[Site "Orel"]
[Date "1992.??.??"]
[Round "?"]
[White "Landa, Konstantin"]
[Black "Barskij, Vladimir"]
[Result "1-0"]
[WhiteElo "2440"]
[BlackElo "2325"]

1.e4 c5 2.Nc3 e6 3.Nf3 Nc6 4.d4 cxd4 5.Nxd4 Qc7 6.Be2 Nf6 7.f4 d6 8.Be3 Be7
9.O-O a6 10.Bf3 Bd7 11.a4 Nxd4 12.Qxd4 Bc6 13.Rad1 O-O 14.Qb6 Qb8 15.Qb3 Re8
16.Rd2 Bf8 17.a5 Nd7 18.Na4 Qd8 19.Nb6 Nxb6 20.Bxb6 Qf6 21.g3 Rac8 22.c4 g6
23.Bg2 Qe7 24.Qd3 d5 25.exd5 exd5 26.Bxd5 Bxd5 27.cxd5 Qd6 28.f5 Re5 29.fxg6 hxg6
30.Rdd1 Rce8 31.b4 Qd7 32.d6 Bh6 33.Rf2 Be3 34.Bxe3 Rxe3 35.Qd2 R3e6 36.Qd5 Re5
37.Qd2 R5e6 38.Qd5 Re5 39.Qd3 Re3 40.Qf1 R8e6 41.Rxf7 Qxf7 42.d7 Qxf1+ 43.Kxf1 Rf6+
44.Kg1 Rf8 45.d8=Q Rxd8 46.Rxd8+ Kg7 47.Rd7+ Kh6 48.Rxb7 Re2 49.Rb6 Rb2 50.h4 Kh5
51.Kf1 Rb1+ 52.Ke2 Rb3 53.Kf2 Rb2+ 54.Ke3 Rb3+ 55.Kd4 Rxg3 56.Rxa6 Rg4+ 57.Kc5 Rxh4
58.Ra8  1-0

[Event "Osijek"]
[Site "Osijek"]
[Date "1992.??.??"]
[Round "10"]
[White "Palac, Mladen"]
[Black "Cebalo, Miso"]
[Result "0-1"]
[WhiteElo "2500"]
[BlackElo "2515"]

1.e4 c5 2.Nf3 e6 3.d4 cxd4 4.Nxd4 Nc6 5.Nc3 d6 6.Be2 Nf6 7.Be3 Be7 8.f4 Bd7
9.Nb3 a6 10.a4 Rc8 11.a5 Qc7 12.g4 Nb4 13.Bb6 Qb8 14.Bf3 d5 15.e5 Ne4 16.Bxe4 dxe4
17.O-O Bc6 18.Nd4 O-O 19.Re1 Nd5 20.Nxd5 Bxd5 21.b3 Rc3 22.Ne2 Rf3 23.Qd2 g5
24.Rf1 gxf4 25.Rxf3 exf3 26.Nc3 Bc6 27.Qxf4 f6 28.Re1 fxe5 29.Qc4 Rf6 30.Ne4 Rg6
31.Nf2 e4 32.Kh1 Rh6  0-1

[Event "Oslo2"]
[Site "Oslo"]
[Date "1992.??.??"]
[Round "5"]
[White "Gullaksen, Eirik T"]
[Black "Kiik, Kalle"]
[Result "1/2-1/2"]
[WhiteElo "2260"]
[BlackElo "2395"]

1.e4 c5 2.Nf3 e6 3.d4 cxd4 4.Nxd4 Nc6 5.Nc3 d6 6.Bc4 Nf6 7.Be3 Be7 8.Qe2 a6
9.O-O-O Qc7 10.Bb3 Na5 11.g4 Nxb3+ 12.axb3 b5 13.g5 Nd7 14.Nf5 exf5 15.Nd5 Qd8
16.exf5 Bb7 17.f6 Bxd5 18.Rxd5 gxf6 19.Bd4 Kf8 20.Qh5 Rg8 21.f4 Rg7 22.h4 Rc8
23.Re1 Nc5 24.Qf3 Qa5 25.Rxe7 Kxe7 26.gxf6+ Kd7 27.Bxc5 Rg1+ 28.Bxg1 Qa1+
29.Kd2 Qxg1 30.Qe2 Rg8 31.Qe7+ Kc8 32.Kc3 Qg3+ 33.Rd3 Qxf4 34.Qxd6 b4+ 35.Qxb4 Qxf6+
36.Qd4 Rg6 37.b4 Kc7 38.Kb3 Qxd4 39.Rxd4 f5 40.Rf4 Rf6 41.Kc4 Kd6 42.Kd4 Ke6
43.Ke3 Rg6 44.Kf3 Rg1 45.Rc4 Rf1+ 46.Ke3 Re1+ 47.Kf2 Rb1 48.b3 Ke5 49.Rc6 Rh1
50.Rc5+ Ke4 51.Rc4+ Ke5 52.Kg2 Rd1 53.Rc6 Ke4 54.Rc4+  1/2-1/2

[Event "Oslo-B"]
[Site "Oslo"]
[Date "1992.??.??"]
[Round "7"]
[White "Jansson, Joran"]
[Black "Butnorius, Algimantas"]
[Result "1-0"]
[WhiteElo "2310"]
[BlackElo "2425"]

1.e4 c5 2.Nf3 e6 3.d4 cxd4 4.Nxd4 Nc6 5.Nc3 a6 6.Be3 Nf6 7.Bd3 d5 8.exd5 exd5
9.O-O Be7 10.h3 O-O 11.Nce2 Re8 12.c3 Ne5 13.Ng3 Bf8 14.Ndf5 Bd7 15.Re1 Rc8
16.Bg5 Qb6 17.Bc2 Nc4 18.b3 Rxe1+ 19.Qxe1 Re8 20.Qd1 Ne5 21.Bxf6 Qxf6 22.Qxd5 Bc6
23.Qd4 g6 24.Ne3 Rd8 25.Qb6 Rd2 26.Ne4 Bxe4 27.Qxf6 Nd7 28.Qd8  1-0

[Event "Pamplona"]
[Site "Pamplona"]
[Date "1992.??.??"]
[Round "6"]
[White "Romero Holmes, Alfonso"]
[Black "Illescas Cordoba, Miguel"]
[Result "0-1"]
[WhiteElo "2470"]
[BlackElo "2600"]

1.e4 c5 2.Nc3 Nc6 3.Nf3 e6 4.d4 cxd4 5.Nxd4 Nf6 6.Qd3 d5 7.Bg5 Be7 8.O-O-O O-O
9.exd5 Nxd5 10.Bxe7 Ncxe7 11.Nxd5 Nxd5 12.Qf3 Qa5 13.Bc4 Nf6 14.Kb1 Qc7 15.Bb3 Bd7
16.g4 Bc6 17.Nxc6 bxc6 18.g5 Nd5 19.h4 Rab8 20.Qe4 a5 21.h5 Rb4 22.Rd4 Rxd4
23.Qxd4 Qf4 24.Qxf4 Nxf4 25.Rd1 Nxh5 26.Rd6 Nf4 27.Rxc6 h5 28.gxh6 gxh6 29.Rc4 Rd8
30.c3 Nd3 31.Ra4 Ra8 32.f3 Kg7 33.Bc2 Nc5 34.Rg4+ Kf6 35.b4 Nd7 36.a3 axb4
37.axb4 Rc8 38.Rf4+ Kg7 39.c4 f5 40.c5 Kf6 41.Rh4 Kg5 42.Rd4 Nxc5 43.bxc5 Rxc5
44.Rd8 h5 45.Rh8 h4 46.Bd1 e5 47.Kb2 Rc6 48.f4+ Kxf4 49.Rxh4+ Ke3 50.Rh5 Rf6
51.Kc2 e4 52.Rh3+ Kf2 53.Rh2+ Kg3 54.Re2 Rd6 55.Re3+ Kf2 56.Re2+ Kf1 57.Re3 Rd4
58.Rh3 f4 59.Bg4 Kg2 60.Rh7 f3 61.Re7  0-1

[Event "Pardubice op"]
[Site "Pardubice"]
[Date "1992.??.??"]
[Round "1"]
[White "Matousek, Michal"]
[Black "Votava, Jan"]
[Result "1-0"]
[WhiteElo "2250"]
[BlackElo "2435"]

1.e4 c5 2.Nf3 e6 3.d4 cxd4 4.Nxd4 Nc6 5.Nc3 Qc7 6.g3 a6 7.Bg2 Nf6 8.O-O Bb4
9.Bg5 Qa5 10.Nxc6 bxc6 11.Bd2 Qb6 12.e5 Nd5 13.Ne4 O-O 14.c4 Nc7 15.Be3 Qb8
16.Nf6+ gxf6 17.exf6 Ne8 18.Qh5 d5 19.Bh6 Kh8 20.Bxf8 Bxf8 21.Qxf7 Qd6 22.Qxe8 Rb8
23.cxd5 exd5 24.Rac1 Bd7 25.Qf7 Be8 26.Qa7 Rxb2 27.Qd4 Rb4 28.f7+  1-0

[Event "Pardubice op"]
[Site "Pardubice"]
[Date "1992.??.??"]
[Round "1"]
[White "Zhelnin, Vladimir V"]
[Black "Outulny, Pavel"]
[Result "1-0"]
[WhiteElo "2435"]
[BlackElo "2245"]

1.e4 c5 2.Nc3 Nc6 3.Nge2 e6 4.d4 cxd4 5.Nxd4 a6 6.Bf4 d6 7.Bg3 Qc7 8.Qd2 Bd7
9.Be2 Be7 10.Rd1 Rd8 11.O-O Nf6 12.Qe3 Ne5 13.Kh1 Nc4 14.Bxc4 Qxc4 15.Nb3 O-O
16.Rfe1 b5 17.Bxd6 Bxd6 18.Rxd6 b4 19.Rd4 Qc7 20.Rxb4 Ng4 21.Qg3 e5 22.Kg1 a5
23.Nd5 Qxc2 24.Nxa5 Be6 25.Nc6 Ra8 26.a3 Kh8 27.Nxe5 Bxd5 28.Qxg4 f5 29.Qh4  1-0

[Event "Pardubice op"]
[Site "Pardubice"]
[Date "1992.??.??"]
[Round "5"]
[White "Blodstein, Arkady"]
[Black "Rublevsky, Sergei"]
[Result "0-1"]
[WhiteElo "2375"]
[BlackElo "2535"]

1.e4 c5 2.Nc3 Nc6 3.Nge2 e6 4.d4 cxd4 5.Nxd4 Qc7 6.Be3 a6 7.Qd2 Nf6 8.f3 Ne5
9.Bf4 b5 10.Ndxb5 axb5 11.Nxb5 Qb8 12.Qc3 Nd3+ 13.Bxd3 Qxf4 14.Nc7+ Kd8 15.Nxa8 Qe3+
16.Be2 Qa7 17.b4 Qxa8 18.O-O Qb8 19.Rab1 Bd6 20.g3 Bxg3 21.hxg3 Qxg3+ 22.Kh1 Qh3+
23.Kg1 Qg3+ 24.Kh1 Ng4 25.Qxc8+ Kxc8 26.fxg4 Qh3+ 27.Kg1 Qg3+ 28.Kh1 h5 29.gxh5 Qh3+
30.Kg1 Qg3+ 31.Kh1 g6 32.Rb3 Qh4+ 33.Kg2 gxh5 34.Kf3 Qg5 35.Rc3+ Kd8 36.Rc4 Qd2
37.a3 Rh6 38.e5 h4 39.Rf2 h3 40.Bd1 Qxd1+ 41.Kg3 Rg6+ 42.Kh2 Rg4  0-1

[Event "Paris-ch"]
[Site "Paris"]
[Date "1992.??.??"]
[Round "2"]
[White "Metral, Jean Paul"]
[Black "Salaun, Yann"]
[Result "0-1"]
[WhiteElo "2310"]
[BlackElo "2225"]

1.e4 c5 2.Nf3 e6 3.d4 cxd4 4.Nxd4 Nc6 5.Nc3 d6 6.Be3 Nf6 7.f4 e5 8.Nxc6 bxc6
9.Be2 exf4 10.Bxf4 Be7 11.e5 dxe5 12.Qxd8+ Bxd8 13.Bxe5 O-O 14.O-O-O Ng4
15.Bd4 Be6 16.Bf3 Bg5+ 17.Kb1 Rfc8 18.Rde1 Nf6 19.h4 Bd2 20.Re2 Bf4 21.g4 Nd7
22.Nd1 Rab8 23.Nf2 c5 24.Bc3 Nb6 25.b3 c4 26.Be5 Bxe5 27.Rxe5 cxb3 28.axb3 Nc4
29.Re2 Na3+ 30.Kb2 Nxc2 31.Rxc2 Rxb3+ 32.Kc1 Rxc2+ 33.Kxc2 Rxf3 34.Rh2 a5
35.g5 a4 36.Nd1 Bb3+ 37.Kd2 a3 38.Nc3 a2 39.Rh1 Rh3 40.Re1 Be6 41.Nxa2 Rh2+  0-1

[Event "Paris-ch"]
[Site "Paris"]
[Date "1992.??.??"]
[Round "3"]
[White "Apicella, Manuel"]
[Black "Pogorelov, Ruslan"]
[Result "1-0"]
[WhiteElo "2435"]
[BlackElo "2385"]

1.e4 c5 2.Nf3 e6 3.d4 cxd4 4.Nxd4 Nc6 5.Nc3 d6 6.Be2 Be7 7.f4 Nf6 8.Be3 O-O
9.O-O Bd7 10.Kh1 Nxd4 11.Bxd4 Bc6 12.Bd3 Nd7 13.Qe2 e5 14.Be3 exf4 15.Bxf4 Ne5
16.Bxe5 dxe5 17.Bc4 Qb6 18.b3 g6 19.Nd5 Bxd5 20.Bxd5 Kg7 21.Qg4 Rad8 22.c4 h5
23.Qg3 h4 24.Qg4 Qc7 25.Rf5 Rd6 26.Raf1 Rf6 27.h3 b6 28.R5f2 Rxf2 29.Rxf2 Bf6
30.b4 Qe7 31.Qf3 Bg5 32.Qc3 Kh6 33.c5 bxc5 34.bxc5 Rb8 35.Rf1 Rb5 36.c6 Rc5
37.Qb3 f6 38.Qb8 Rc2 39.Qh8+ Qh7 40.Qe8 Bf4 41.Qd7 Qg7 42.Bf7 Qf8 43.c7 Qc5
44.Qg4 Bg5 45.Qc8  1-0

[Event "Paris-ch"]
[Site "Paris"]
[Date "1992.??.??"]
[Round "4"]
[White "Arki, Mikael"]
[Black "Harlin, Henri"]
[Result "1-0"]
[WhiteElo "2225"]
[BlackElo "2290"]

1.e4 c5 2.Nf3 e6 3.Nc3 Nc6 4.d4 cxd4 5.Nxd4 a6 6.a4 Qc7 7.Be3 Nf6 8.Nxc6 bxc6
9.a5 Bb4 10.Bb6 Qe5 11.f3 d5 12.Bd4 Qg5 13.Ra4 c5 14.Bxf6 Qxf6 15.exd5 O-O
16.d6 Qh4+ 17.Ke2 Bd7 18.g3 Qf6 19.Ra1 Bxc3 20.bxc3 Bc6 21.Kf2 Rfd8 22.Be2 e5
23.Qd3 Rxd6 24.Qe3 h5 25.Rhd1 Re6 26.Bc4 Ree8 27.Bd5 e4 28.f4 h4 29.Rab1 Rab8
30.c4 Qh6 31.g4 h3 32.Kg3 Bxd5 33.Rxb8 Rxb8 34.Rxd5  1-0

[Event "Paris-ch"]
[Site "Paris"]
[Date "1992.??.??"]
[Round "5"]
[White "Badii, Madjid"]
[Black "Pira, Davoud"]
[Result "1/2-1/2"]
[WhiteElo "2260"]
[BlackElo "2335"]

1.e4 c5 2.Nf3 e6 3.d4 cxd4 4.Nxd4 Nc6 5.Nc3 Qc7 6.g3 a6 7.Bg2 Nf6 8.O-O h6
9.h3 Nxd4 10.Qxd4 Bc5 11.Bf4 d6 12.Qd2 e5 13.Be3 Ke7 14.Kh2 Be6 15.f4 Rac8
16.Bxc5 Qxc5 17.Rae1 Nd7 18.Rf2 f6 19.Nd5+ Bxd5 20.exd5 Rhf8 21.Ref1 g6 22.fxe5 Nxe5
23.Kh1 h5 24.c3 Qc4 25.Qd4 Rc5 26.Rd1 Rc7 27.a3 Kf7 28.Qe3 Kg7 29.Rd4 Qc5
30.Bf1 Re7 31.Qd2 Nd7 32.Re2 Re5 33.b4 Qc8 34.c4 Rfe8 35.Rxe5 Rxe5 36.Rf4 Qe8
37.Rf2 Re3 38.Re2 Qe4+ 39.Kh2 Rxe2+ 40.Bxe2 b6 41.Kg1 a5 42.h4 axb4 43.axb4 Ne5
44.Qa2 Qe3+ 45.Kf1 f5 46.Qa7+ Kf6 47.Qc7 Nf7 48.c5 bxc5 49.b5 Qxg3 50.b6 Qh3+
51.Kg1 Qe3+ 52.Kf1 Qc1+ 53.Kg2 Qe1 54.Bf1 f4 55.b7 Qg3+ 56.Kh1 Qxh4+ 57.Kg1 Qg3+
58.Kh1 f3 59.b8=Q Qh4+ 60.Kg1  1/2-1/2

[Event "Paris-ch"]
[Site "Paris"]
[Date "1992.??.??"]
[Round "6"]
[White "Marcantoni, Herve"]
[Black "Bartha, Sandor"]
[Result "1-0"]
[WhiteElo "2295"]
[BlackElo "2310"]

1.e4 c5 2.Nc3 Nc6 3.Nge2 e6 4.d4 cxd4 5.Nxd4 Bb4 6.Nxc6 bxc6 7.Bd3 Ne7 8.O-O O-O
9.Na4 Ng6 10.c4 Qh4 11.g3 Qf6 12.a3 Ba5 13.Be3 d5 14.f4 Rd8 15.Qc2 d4 16.Bc1 e5
17.f5 Nf8 18.b4 Bc7 19.c5 h6 20.Bd2 Nh7 21.Kg2 a5 22.Nb6 Bxb6 23.cxb6 a4
24.Rac1 Bb7 25.Rb1 Rdc8 26.h4 Nf8 27.Qd1 Nd7 28.g4 c5 29.g5 Qd8 30.gxh6 Qxh4
31.Qf3 c4 32.Rh1 Qf6 33.hxg7 cxd3 34.Rh8+ Kxg7 35.Qg4+ Qg6 36.Rh7+  1-0

[Event "Paris-ch"]
[Site "Paris"]
[Date "1992.??.??"]
[Round "6"]
[White "Degraeve, Jean Marc"]
[Black "Pogorelov, Ruslan"]
[Result "1-0"]
[WhiteElo "2470"]
[BlackElo "2385"]

1.e4 c5 2.Nf3 e6 3.d4 cxd4 4.Nxd4 Nc6 5.Nc3 d6 6.Be3 Nf6 7.Qd2 Be7 8.f3 O-O
9.g4 Nxd4 10.Bxd4 Nd7 11.O-O-O a6 12.h4 b5 13.g5 b4 14.Na4 a5 15.Rg1 Bb7
16.b3 Bc6 17.Nb2 d5 18.e5 a4 19.Nd3 Qa5 20.Kb1 Bb5 21.Rg2 Bxd3 22.Bxd3 Bc5
23.Ba1 Qa7 24.Bb5 Nb6 25.Rg4 d4 26.Bc6 Rad8 27.Qd3 Nd5 28.Bxd5 Rxd5 29.f4 Rc8
30.h5 Bb6 31.Rg2 Qd7 32.Qa6 d3 33.Rxd3 Rxd3 34.cxd3 axb3 35.axb3 Be3 36.Bb2 Bxf4
37.Rg4 Bd2 38.Rg2 Be3 39.g6 fxg6 40.hxg6 hxg6 41.Rxg6 Kf7 42.Rg4 g5 43.Rxb4 Kg6
44.Re4 Bf4 45.b4 Kf5 46.b5 Rb8 47.Rb4 Be3 48.Bc3 g4 49.Be1 Bc5 50.Rb3 Rh8
51.Kc2 Bb6 52.Ra3 Bd4 53.Kd1 Rh2 54.Ra4 Bxe5 55.b6 g3 56.Ra5 g2 57.Rxe5+ Kxe5
58.Bg3+  1-0

[Event "Paris-ch"]
[Site "Paris"]
[Date "1992.??.??"]
[Round "7"]
[White "Apicella, Manuel"]
[Black "Degraeve, Jean Marc"]
[Result "1-0"]
[WhiteElo "2435"]
[BlackElo "2470"]

1.e4 c5 2.Nf3 Nc6 3.Nc3 e6 4.d4 cxd4 5.Nxd4 Nf6 6.Be2 Bb4 7.O-O Bxc3 8.bxc3 Nxe4
9.Bd3 Nxd4 10.cxd4 Nf6 11.Ba3 d6 12.Qf3 O-O 13.Rab1 Re8 14.Bb5 Re7 15.Qg3 e5
16.dxe5 Rxe5 17.Rfd1 Qa5 18.Bd3 Rg5 19.Qe3 Bg4 20.Bb4 Qe5 21.Qxe5 dxe5 22.Bd2 Rh5
23.f3 e4 24.fxg4 exd3 25.cxd3 Rd5 26.Bc3 b6 27.Bxf6 gxf6 28.Rbc1 Rad8 29.Rc7 Ra5
30.Rd2 Rd4 31.h3 Kg7 32.Re2 Re5 33.Rec2 f5 34.Rxa7 fxg4 35.hxg4 Rxg4 36.Rf2 Re1+
37.Kh2 h5 38.Rfxf7+ Kg6 39.Rg7+ Kh6 40.Rh7+ Kg5 41.Rag7+ Kf6 42.Rxg4 hxg4
43.Rh6+ Ke5 44.Rxb6 Rd1 45.Rb3 Kf4 46.Rb4+ Kg5 47.Rd4 Kh4 48.g3+ Kg5 49.a4 Ra1
50.Rd5+ Kf6 51.a5 Ra4 52.Kg2  1-0

[Event "Paris-ch"]
[Site "Paris"]
[Date "1992.??.??"]
[Round "7"]
[White "Salaun, Yann"]
[Black "Belkhodja, Slim"]
[Result "1/2-1/2"]
[WhiteElo "2225"]
[BlackElo "2395"]

1.e4 c5 2.Nf3 e6 3.d4 cxd4 4.Nxd4 Nc6 5.Nc3 d6 6.Be3 Nf6 7.Be2 Be7 8.O-O O-O
9.f4 a6 10.Qe1 Nxd4 11.Bxd4 b5 12.a3 Bb7 13.Qg3 g6 14.Bf3 a5 15.Rad1 b4 16.e5 Bxf3
17.Qxf3 bxc3 18.exf6 Bxf6 19.Qxc3 Bxd4+ 20.Qxd4 d5 21.Rf3 Rc8 22.Rc3 Qh4
23.g3 Qg4 24.Re1 h5 25.b4 axb4 26.axb4 h4 27.b5 Rxc3 28.Qxc3 Rb8 29.Qd3 hxg3
30.hxg3 Qf5 31.Qxf5 gxf5 32.Rb1 Kf8 33.Kf2 Ke7 34.Kf3 Kd6 35.g4 fxg4+ 36.Kxg4 Rg8+
37.Kh5 Kc7 38.c4 Kb6 39.cxd5 exd5 40.Rd1 Rd8 41.Rb1 d4 42.Kg5 Rd5+ 43.Kf6 Rd7
44.f5 Rd5 45.Kxf7 Rxf5+ 46.Ke6 Rxb5 47.Rd1 Kc5 48.Ke5 Rb4 49.Rc1+ Rc4 50.Rd1  1/2-1/2

[Event "BCF-ch"]
[Site "Plymouth"]
[Date "1992.??.??"]
[Round "2"]
[White "Mestel, A Jonathan"]
[Black "Daly, Colm"]
[Result "1-0"]
[WhiteElo "2510"]
[BlackElo "2235"]

1.e4 c5 2.Nf3 e6 3.d4 cxd4 4.Nxd4 Nc6 5.Nc3 a6 6.Nxc6 bxc6 7.Bd3 d5 8.O-O Nf6
9.Re1 Be7 10.e5 Nd7 11.Qg4 Kf8 12.Bd2 f5 13.exf6 Nxf6 14.Qg3 Kf7 15.Na4 Bd6
16.f4 c5 17.c4 Bd7 18.Nc3 Re8 19.Re2 Bc6 20.Rae1 Qd7 21.Qh3 g6 22.f5 exf5
23.cxd5 Bb5 24.Nxb5 axb5 25.Re6 c4 26.Bc3 Bc5+ 27.Kh1 Nh5 28.Bxf5 Qxd5 29.Bxg6+ hxg6
30.Rf1+ Kg8 31.Rxg6+ Kh7 32.Rg7+ Kh6 33.Rf6+ Kxg7 34.Qg4+  1-0

[Event "BCF-ch"]
[Site "Plymouth"]
[Date "1992.??.??"]
[Round "7"]
[White "Hamid, Rani"]
[Black "Tozer, Richard"]
[Result "1-0"]
[WhiteElo "2135"]
[BlackElo "2340"]

1.e4 c5 2.Nf3 e6 3.d4 cxd4 4.Nxd4 Nc6 5.Nc3 Qc7 6.Be2 a6 7.O-O Nf6 8.Kh1 Bb4
9.Bf3 Ne5 10.Bf4 Bxc3 11.bxc3 d6 12.Ne2 O-O 13.Rb1 Bd7 14.Rb4 Bb5 15.a4 Bc4
16.a5 Rac8 17.Re1 Nxf3 18.gxf3 e5 19.Be3 d5 20.Ng3 Qxa5 21.Rxb7 dxe4 22.fxe4 Nxe4
23.Nxe4 Qd5 24.Qf3 f5 25.Rg1 g6 26.Rd1 fxe4 27.Rxd5 Bxd5 28.Qg4 Bxb7 29.Qe6+ Rf7
30.Qxe5 Rcf8 31.Kg1 h5 32.Qg5 Kg7 33.Qh6+ Kf6 34.Bd4+ Kf5 35.h4 Rg8 36.Qg5+ Ke6
37.Qe5+  1-0

[Event "RUS-chT"]
[Site "Podolsk"]
[Date "1992.??.??"]
[Round "?"]
[White "Dvoirys, Semen I"]
[Black "Samarin, Igor"]
[Result "1-0"]
[WhiteElo "2515"]
[BlackElo "2400"]

1.e4 c5 2.Nf3 e6 3.d4 cxd4 4.Nxd4 Nc6 5.Nc3 a6 6.f4 d5 7.Be3 Nf6 8.e5 Nd7
9.Qg4 Nxd4 10.Bxd4 g6 11.O-O-O Qa5 12.h4 h5 13.Qh3 Bc5 14.Kb1 Bxd4 15.Rxd4 Qc5
16.Qe3 Nb8 17.Ne4 Qc7 18.Nd6+ Kf8 19.c4 Nc6 20.Rd1 dxc4 21.Bxc4 Bd7 22.Qc5 Kg7
23.Be2 Be8 24.g4 hxg4 25.Bxg4 Qa5 26.Qf2 Ne7 27.h5 Bc6 28.Qh4 Ng8 29.Nxf7 Bxh1
30.Rxh1 Rh7 31.Ng5 Rh6 32.Nxe6+ Kh8 33.hxg6 Rxh4 34.g7+ Kh7 35.Bf5+  1-0

[Event "POL-ch"]
[Site "?"]
[Date "1992.??.??"]
[Round "8"]
[White "Sznapik, Aleksander"]
[Black "Jasnikowski, Zbigniew"]
[Result "1-0"]
[WhiteElo "2460"]
[BlackElo "2450"]

1.e4 c5 2.Nf3 e6 3.d4 cxd4 4.Nxd4 Nc6 5.Nc3 d6 6.Be3 Nf6 7.Be2 Be7 8.O-O O-O
9.f4 Bd7 10.Qe1 Nxd4 11.Bxd4 Bc6 12.Qg3 g6 13.Qe3 Nd7 14.Rad1 Qc7 15.Nb5 Bxb5
16.Bxb5 Nf6 17.Qe2 d5 18.e5 Ne4 19.c4 Rfd8 20.Kh1 Rac8 21.Bg1 Bc5 22.cxd5 exd5
23.Bxc5 Qxc5 24.Bd3 Qd4 25.Bb1 Qc4 26.Qe3 Nc5 27.f5 d4 28.Qf4 b5 29.b3 Qd5
30.b4 Na4 31.Be4 Qd7 32.e6 fxe6 33.fxg6 hxg6 34.Qg4 Rf8 35.Qxg6+ Kh8 36.Rf6 Rxf6
37.Qxf6+ Qg7 38.Qxe6 Rd8 39.Rd3  1-0

[Event "POL-ch"]
[Site "?"]
[Date "1992.??.??"]
[Round "11"]
[White "Gdanski, Jacek"]
[Black "Sznapik, Aleksander"]
[Result "1/2-1/2"]
[WhiteElo "2435"]
[BlackElo "2460"]

1.e4 c5 2.Nc3 e6 3.Nf3 Nc6 4.d4 cxd4 5.Nxd4 Qc7 6.g3 a6 7.Bg2 d6 8.O-O Be7
9.Re1 Bd7 10.Nxc6 Bxc6 11.Qg4 h5 12.Qe2 b5 13.a4 bxa4 14.Nxa4 Nf6 15.Nc3 Qb7
16.h3 O-O 17.b3 Rfc8 18.Bb2 a5 19.Rad1 Bf8 20.Rd3 Qb4 21.g4 Qc5 22.Bc1 Bb7
23.Qd1 Ba6 24.Rde3 Rab8 25.Bb2 hxg4 26.hxg4 Qg5 27.Rg3 d5 28.e5 d4 29.Bc1 Qg6
30.Ne4 Nd5 31.Nd6 Nc3 32.Qxd4 Qxc2 33.Nxc8 Ne2+ 34.Rxe2 Qxe2 35.Be3 Rxc8
36.Qd7 Qe1+ 37.Kh2 Qb1 38.Rf3 Qg6 39.Rf4 Qh7+ 40.Kg3 g5 41.Rf6 Qh4+ 42.Kf3 Qh7
43.Bxg5 Rc3+ 44.Be3 Rxb3 45.Kg3 Bd3 46.Rxe6 Bb5 47.Qd5 Rd3 48.Qxb5 fxe6 49.Qxa5 Be7
50.Bf3 Ra3 51.Qb6 Kf7 52.Qd4 Rb3 53.Qf4+ Kg7 54.Be4 Qh4+ 55.Kg2 Rb4 56.Qf3 Ra4
57.Bf4 Ra1 58.Bh2 Ra3 59.Bd3 Ra4 60.Be2 Ra3 61.Bd3 Ra4 62.Be2 Ra3 63.Bg3 Qh8
64.Qb7 Qa8 65.Qxa8 Rxa8 66.Bc4 Kf7 67.f4 Ra4 68.Bf1 Bc5 69.f5  1/2-1/2

[Event "POL-ch"]
[Site "?"]
[Date "1992.??.??"]
[Round "13"]
[White "Kuczynski, Robert"]
[Black "Sznapik, Aleksander"]
[Result "1/2-1/2"]
[WhiteElo "2500"]
[BlackElo "2460"]

1.e4 c5 2.Nf3 e6 3.Nc3 Nc6 4.d4 cxd4 5.Nxd4 Nf6 6.Nxc6 bxc6 7.e5 Nd5 8.Ne4 Qc7
9.f4 Qb6 10.c4 Ne3 11.Qd3 Nf5 12.g4 Nd4 13.b3 c5 14.Bg2 Bb7 15.Bb2 Rd8 16.O-O-O d5
17.exd6  1/2-1/2

[Event "POL-ch"]
[Site "?"]
[Date "1992.??.??"]
[Round "14"]
[White "Wojtkiewicz, Aleksander"]
[Black "Gdanski, Jacek"]
[Result "1-0"]
[WhiteElo "2495"]
[BlackElo "2435"]

1.Nf3 c5 2.e4 e6 3.d4 cxd4 4.Nxd4 Nc6 5.Nc3 Qc7 6.Be2 a6 7.O-O Nf6 8.Be3 Bb4
9.Na4 O-O 10.Nxc6 bxc6 11.f4 Rb8 12.Bd3 Be7 13.c4 d6 14.c5 dxc5 15.Rc1 e5
16.f5 Rd8 17.Qe2 Ng4 18.Bxc5 Bg5 19.Rcd1 h5 20.h3 Nf6 21.Bc4 Rd7 22.Rxd7 Nxd7
23.Bxf7+ Kxf7 24.Qc4+  1-0

[Event "Rubinstein mem"]
[Site "Polanica Zdroj"]
[Date "1992.??.??"]
[Round "6"]
[White "Mainka, Romuald"]
[Black "Cebalo, Miso"]
[Result "1/2-1/2"]
[WhiteElo "2550"]
[BlackElo "2500"]

1.e4 c5 2.Nf3 e6 3.d4 cxd4 4.Nxd4 Nc6 5.Nc3 d6 6.Be3 Nf6 7.Be2 Be7 8.O-O Bd7
9.Nb3 a6 10.a4 Na5 11.Nd2 Bc6 12.Bd3 Rc8 13.Qf3 O-O 14.Qh3 g6 15.Rad1 Qc7
16.f4 b5 17.axb5 axb5 18.f5 exf5 19.exf5 Nc4 20.fxg6 hxg6 21.Bxc4 bxc4 22.Bd4 Nh5
23.Qe3 Kh7 24.Nxc4 Bxg2 25.Kxg2 Qb7+ 26.Kg1 Rxc4 27.Qe2 d5 28.Qe5 Bc5 29.Bxc5 Rxc5
30.Rxd5 Rc4 31.Qe2 Rh4 32.Qb5 Qc7 33.Rd2 Nf4 34.Nd5 Qe5 35.Qd7 Nh3+ 36.Kh1 Kg7
37.Qe7 Qxe7 38.Nxe7 Rb8 39.b3 Ng5 40.Rg2 Kh6 41.Nd5 Rb5 42.Nf6 Ne6 43.Rg3 Nd4
44.Rf2 Nf5 45.Rg1 Kg7 46.Ng4 Nd4 47.Ne3 Rc5 48.Rgf1 f5 49.Nc4 Kf6 50.Rd1 Rc6
51.Kg2 Re6 52.Nb2 g5 53.Nd3 Re3 54.Ra1 f4 55.Ra6+ Kf5 56.Ra5+ Kg4 57.Ne5+ Kh5
58.Rd5 Nf5 59.Nc4 Ne7 60.Nxe3 fxe3 61.Rff5  1/2-1/2

[Event "Rubinstein mem"]
[Site "Polanica Zdroj"]
[Date "1992.??.??"]
[Round "8"]
[White "Kaminski, Marcin"]
[Black "Cebalo, Miso"]
[Result "0-1"]
[WhiteElo "2440"]
[BlackElo "2500"]

1.e4 c5 2.Nf3 e6 3.d4 cxd4 4.Nxd4 Nc6 5.Nc3 d6 6.Be2 Nf6 7.O-O Be7 8.Be3 Bd7
9.Nb3 a6 10.a4 Rc8 11.a5 Qc7 12.f4 Nb4 13.Bf3 Bc6 14.Rf2 O-O 15.Qe1 d5 16.e5 Nd7
17.Bd4 g6 18.Qe3 Bb5 19.g4 Nc6 20.Nxb5 axb5 21.Re2 Nxd4 22.Nxd4 Bc5 23.c3 b4
24.f5 bxc3 25.bxc3 Rfe8 26.Kh1 Bf8 27.fxe6 fxe6 28.Nxe6 Rxe6 29.Bxd5 Nc5
30.a6 bxa6 31.Rxa6 Kh8 32.Bxe6 Qb7+ 33.Rg2 Qxa6 34.Bxc8 Qxc8 35.Qf3 Ne6 36.Ra2 Qc4
37.Ra7 h6 38.h3 Bg7 39.Rf7 Ng5 40.Rf4 Qc5 41.Qd3 Qxe5 42.Rf1 Ne4 43.Kg2 Nxc3
44.Qxg6 Ne4 45.Rf7 Qg3+ 46.Kf1 Qd3+  0-1

[Event "Rubinstein mem"]
[Site "Polanica Zdroj"]
[Date "1992.??.??"]
[Round "10"]
[White "Cifuentes Parada, Roberto"]
[Black "Romanishin, Oleg M"]
[Result "1/2-1/2"]
[WhiteElo "2490"]
[BlackElo "2555"]

1.d4 e6 2.Nf3 c5 3.e4 cxd4 4.Nxd4 Nc6 5.Nc3 a6 6.g3 Qc7 7.Bg2 Nf6 8.O-O h6
9.a4 Nxd4 10.Qxd4 Bc5 11.Qd3 d6 12.Be3 Bxe3 13.Qxe3 O-O 14.a5 Bd7 15.Rfd1 Bc6
16.Qd4 Rfd8 17.Qb4 Rab8 18.Rd2 d5 19.exd5 Nxd5 20.Nxd5 Bxd5 21.Bxd5  1/2-1/2